Poznej svůj počítač : Z franc.orig /

Enregistré dans:
Détails bibliographiques
Auteur principal: Hardancourt, Anatole d (Auteur)
Format: Livre
Langue:tchèque
Publié: Praha : Grada Publishing, 1995
Tags: Ajouter un tag
Pas de tags, Soyez le premier à ajouter un tag!

MARC

LEADER 00000nam a22000003a 4500
001 stu23785
005 20190206132411.2
008 960418s1995----xr------------------cze-d
020 |a 80-85623-18-8 
040 |a STU  |b slo 
041 0 |a cze 
044 |a xr 
080 |a 681.3.06 
100 1 |a Hardancourt, Anatole d  |4 aut 
245 1 |a Poznej svůj počítač :  |b Z franc.orig /  |c [aut.]Hardancourt,Anatole d 
260 |a Praha :  |b Grada Publishing,  |c 1995 
300 |a 177 s :  |b Obr.,index 
996 |b CB2092  |c C*B2092  |l CCVI  |s P  |a 0  |w stu23785_0001